Normal view
MARC view
- الحيط، عادل عزام سقف
Entry Personal Name
001 - CONTROL NUMBER
- control field: 59525
003 - CONTROL NUMBER IDENTIFIER
- control field: JO-AjAnu
005 - DATE AND TIME OF LATEST TRANSACTION
- control field: 20230606083731.0
008 - FIXED-LENGTH DATA ELEMENTS
- fixed length control field: 230606|| aca||aabn | a|a d
040 ## - CATALOGING SOURCE
- Original cataloging agency: JO-AjAnu
- Transcribing agency: JO-AjAnu
100 ## - HEADING--PERSONAL NAME
- Personal name: الحيط، عادل عزام سقف
670 ## - SOURCE DATA FOUND
- Source citation: Work cat.: (JO-AjAnu)30359: الحيط، عادل عزام سقف, author, جرائم الذم والقدح والتحقير المرتكبة عبر الوسائط الالكترونية: شبكة الانترنت وشبكة الهواتف النقالة وعبر الوسائط التقليدية والآلية والمطبوعات: دراسة قانونية مقارنة